Rusko-slovenský a slovensko-ruský slovník /

Salvato in:
Dettagli Bibliografici
Autore principale: Filkusová, Mária (Autore)
Natura: Libro
Lingua:slovacco
Pubblicazione: Bratislava : Slovenské pedagogické nakladateľstvo, 1988
Tags: Aggiungi Tag
Nessun Tag, puoi essere il primo ad aggiungerne!!

MARC

LEADER 00000nam a22000003a 4500
001 stu2704
005 20150617225616.1
008 921208s1988----cs------------------slo-d
040 |a STU  |b slo 
041 0 |a slo 
044 |a cs 
080 |a 801.323.2=82=854 
100 1 |a Filkusová, Mária  |4 aut 
245 1 |a Rusko-slovenský a slovensko-ruský slovník /  |c [aut.] Filkusová,M 
260 |a Bratislava :  |b Slovenské pedagogické nakladateľstvo,  |c 1988 
300 |a 386 s 
996 |b E66035  |c E*66035  |l EE05  |s P  |a 0  |w stu2704_0001 
996 |b E66036  |c E*66036  |l EE05  |s P  |a 0  |w stu2704_0002